[Event "AUTO-OPEN-4641"]
[Site "http://www.queenalice.com/game.php?id=1869917"]
[Date "2026.2.27"]
[Round "1"]
[White "josebaron"]
[Black "EduardoRo"]
[Result "1-0"]
[WhiteElo "2191"]
[BlackElo "1253"]

1. e4 e5 2. Nf3 Nc6 3. Bb5 Bc5 4. Bxc6 dxc6 5. d3 Nf6 6. Nxe5 Qe7 7. Nf3 O-O 8.
O-O Bg4 9. h3 Bxh3 10. gxh3 Nh5 11. Nh2 g6 12. Bh6 Rfe8 13. Nd2 Bd6 14. Ndf3 Bf4
15. Bxf4 Nxf4 16. h4 f5 17. exf5 Nh3+ 18. Kg2 Nf4+ 19. Kh1 gxf5 20. Re1 Qc5 21.
Rxe8+ Rxe8 22. d4 Qd5 23. Qd2 Nh3 24. Kg2 Nxf2 25. Kxf2 Kh8 26. Rg1 Qxa2 27. b3
Rg8 28. Rxg8+ Kxg8 29. Qg5+ Kh8 30. Qd8+ Kg7 31. Qxc7+ Kg6 32. Ne5+ Kh5 33.
Qxh7# 1-0

[Event "AUTO-OPEN-4641"]
[Site "http://www.queenalice.com/game.php?id=1869938"]
[Date "2026.2.27"]
[Round "1"]
[White "maurice916"]
[Black "josebaron"]
[Result "0-1"]
[WhiteElo "1822"]
[BlackElo "2183"]

1. Nf3 d5 2. b3 Nc6 3. Bb2 Nf6 4. e3 e5 5. d4 e4 6. Nfd2 Bg4 7. f3 exf3 8. Nxf3
Bd6 9. Be2 Bxf3 10. Bxf3 O-O 11. O-O Re8 12. Re1 Ne4 13. Nd2 Nxd2 14. Qxd2 Ne7
15. Qd3 c6 16. e4 dxe4 17. Bxe4 Ng6 18. Bxg6 hxg6 19. Qh3 Rxe1+ 20. Rxe1 Qc8 21.
Qf3 Qc7 22. g3 Rd8 23. c4 Qa5 24. Qc3 Bb4 25. Qf3 Bxe1 0-1

[Event "AUTO-OPEN-4641"]
[Site "http://www.queenalice.com/game.php?id=1869939"]
[Date "2026.2.27"]
[Round "1"]
[White "josebaron"]
[Black "maurice916"]
[Result "1-0"]
[WhiteElo "2182"]
[BlackElo "1824"]

1. e4 c6 2. Nf3 d5 3. exd5 cxd5 4. d4 Nf6 5. Bb5+ Bd7 6. Bxd7+ Nbxd7 7. O-O e6
8. Nc3 a6 9. Bg5 Be7 10. Ne5 Rc8 11. Nxd7 Qxd7 12. a4 O-O 13. a5 h6 14. Bh4 Rfe8
15. Na4 Qb5 16. Nb6 Rc7 17. b3 Bb4 18. Bxf6 gxf6 19. c4 dxc4 20. bxc4 Qc6 21. d5
exd5 22. Nxd5 Rd7 23. Qg4+ Kh8 24. Nxf6 Qxf6 25. Qxd7 Re7 26. Qc8+ Kh7 27. Rab1
Qd6 28. Qf5+ Kg8 29. Rfd1 Qc5 30. Qg4+ Kh7 31. Rd5 Re1+ 32. Rxe1 Qf8 33. Qf5+
Kg7 34. Re4 Be7 35. Rg4+ Kh8 36. Rd7 f6 37. Qg6 f5 38. Rxe7 1-0

[Event "AUTO-OPEN-4641"]
[Site "http://www.queenalice.com/game.php?id=1869950"]
[Date "2026.2.27"]
[Round "1"]
[White "zubarev"]
[Black "josebaron"]
[Result "0-1"]
[WhiteElo "1663"]
[BlackElo "2167"]

1. d4 d5 2. Nc3 Nf6 3. Nf3 Bg4 4. e3 e6 5. Be2 Bb4 6. Bd2 O-O 7. O-O c5 8. Ne5
Bxe2 9. Qxe2 cxd4 10. exd4 Bxc3 11. Bxc3 Nc6 12. f4 Ne4 13. Qf3 f6 14. Nxc6 bxc6
15. Be1 f5 16. Bb4 Rf6 17. Be1 Rg6 18. c3 a5 19. g3 a4 20. a3 Rb8 21. Qe2 Rb7
22. Qd1 Qa8 23. Rc1 Rxb2 24. c4 Rb3 25. cxd5 exd5 26. Bb4 Nxg3 27. hxg3 Rgxg3+
28. Kh2 Rh3+ 29. Kg2 Qa6 30. Rc3 Rbxc3 31. Bxc3 Rxc3 32. Qa1 Qe2+ 33. Rf2 Qg4+
34. Kh1 Rh3+ 35. Rh2 Qf3+ 36. Kg1 Rg3+ 0-1

[Event "AUTO-OPEN-4641"]
[Site "http://www.queenalice.com/game.php?id=1869951"]
[Date "2026.2.27"]
[Round "1"]
[White "josebaron"]
[Black "zubarev"]
[Result "1/2-1/2"]
[WhiteElo "2170"]
[BlackElo "1661"]

1. e4 e5 2. Nf3 Nf6 3. Nc3 Nc6 4. Bb5 d6 5. Bxc6+ bxc6 6. d3 Be7 7. O-O O-O 8.
Bg5 Bg4 9. h3 Bh5 10. g4 Bg6 11. Nh4 Nd7 12. Bxe7 Qxe7 13. Nxg6 fxg6 14. Kg2 Rf6
15. f3 Raf8 16. Ne2 d5 17. Ng3 Rf4 18. Ne2 R4f7 19. Ng3 d4 20. c4 c5 21. Rf2 Rb8
22. Qa4 Ra8 23. Raf1 Nb6 24. Qc6 Rb8 25. f4 exf4 26. Rxf4 Rxf4 27. Rxf4 Nd7 28.
b3 Ne5 29. Qd5+ Kh8 30. b4 cxb4 31. Qxd4 Rd8 32. Qxa7 Nxd3 33. Rf1 Qd6 34. Qe3
Qe6 35. Kg1 Kg8 36. Rd1 Qxc4 37. Ne2 Qc2 38. Rd2 Qb1+ 39. Kh2 c5 40. Nf4 c4 41.
Qb6 Re8 42. Qc6 Rf8 43. Qxc4+ Kh8 44. Qxd3 Qh1+ 45. Kxh1 Rxf4 1/2-1/2

[Event "AUTO-OPEN-4623"]
[Site "http://www.queenalice.com/game.php?id=1869974"]
[Date "2026.2.28"]
[Round "2"]
[White "josebaron"]
[Black "Fredo"]
[Result "1/2-1/2"]
[WhiteElo "2207"]
[BlackElo "2080"]

1. e4 c5 2. Nf3 d6 3. Bb5+ Bd7 4. Bxd7+ Nxd7 5. O-O Ngf6 6. d3 g6 7. Nc3 Bg7 8.
a4 O-O 9. h3 Rc8 10. a5 a6 11. Nd5 Nxd5 12. exd5 c4 13. dxc4 Rxc4 14. c3 Nf6 15.
Qb3 Rc7 16. Be3 Qb8 17. Bb6 Rcc8 18. Rfe1 Rfe8 19. Ra4 Nd7 20. Rae4 Nxb6 21.
Qxb6 Qc7 22. Rb4 Qxb6 23. Rxb6 Rc7 24. Rxd6 Rc5 25. Rd7 Rxa5 26. Rxb7 Rxd5 27.
Rexe7 Rxe7 28. Rxe7 Rb5 29. Ra7 Rxb2 30. Ra8+ Bf8 31. Rxa6 Rb1+ 32. Kh2 Rc1 33.
Rc6 Rc2 34. Kg3 Bg7 35. Rc8+ Bf8 36. c4 Kg7 37. h4 1/2-1/2

[Event "AUTO-OPEN-4623"]
[Site "http://www.queenalice.com/game.php?id=1869975"]
[Date "2026.2.28"]
[Round "2"]
[White "Fredo"]
[Black "josebaron"]
[Result "0-1"]
[WhiteElo "2068"]
[BlackElo "2159"]

1. e4 e5 2. Nc3 Nf6 3. f4 exf4 4. e5 Ng8 5. Nf3 Be7 6. d4 Bh4+ 7. Kd2 d6 8. Bd3
dxe5 9. Nxe5 Qxd4 10. Nf3 Qe3# 0-1

[Event "AUTO-OPEN-4616"]
[Site "http://www.queenalice.com/game.php?id=1870047"]
[Date "2026.3.3"]
[Round "3"]
[White "WoodpusherKid"]
[Black "josebaron"]
[Result "1-0"]
[WhiteElo "2679"]
[BlackElo "2182"]

1. e4 e5 2. Nc3 Nf6 3. Nf3 Nc6 4. Bb5 d6 5. O-O Be7 6. d4 exd4 7. Nxd4 Bd7 8.
Nxc6 Bxc6 9. Qd3 O-O 10. a4 a6 11. Bxc6 bxc6 12. Bf4 Re8 13. b3 Ng4 14. h3 Ne5
15. Bxe5 dxe5 16. Rad1 Qxd3 17. Rxd3 Rad8 18. Rfd1 Rxd3 19. Rxd3 Rd8 20. Rxd8+
Bxd8 21. Ne2 c5 22. f3 c6 23. Nc1 f6 24. Nd3 Bb6 25. c4 a5 26. Kf2 Kf7 27. Kg3
h5 28. Kh4 g6 29. g4 hxg4 30. Kxg4 Kg8 31. h4 Ba7 32. Nc1 Kg7 33. h5 gxh5+ 34.
Kxh5 Bb8 35. Kg4 Kg6 36. Ne2 Bc7 37. Ng3 Bd8 38. Nf5 1-0

[Event "AUTO-OPEN-4616"]
[Site "http://www.queenalice.com/game.php?id=1870048"]
[Date "2026.3.3"]
[Round "3"]
[White "josebaron"]
[Black "WoodpusherKid"]
[Result "0-1"]
[WhiteElo "2184"]
[BlackElo "2678"]

1. e4 e5 2. Nf3 Nc6 3. Bb5 Nf6 4. Bxc6 dxc6 5. Nc3 Be6 6. Nxe5 Bb4 7. d3 Qd4 8.
Nc4 Ng4 9. O-O O-O-O 10. Ne2 Qf6 11. h3 h5 12. Ne3 Nxe3 13. fxe3 Qe5 14. Nf4 g5
15. Nxe6 Qxe6 16. Rf5 g4 17. h4 Qxe4 18. Qf1 Qe7 19. e4 Bc5+ 0-1

[Event "Escacs 223"]
[Site "http://www.queenalice.com/game.php?id=1870067"]
[Date "2026.3.4"]
[Round "-"]
[White "alterego"]
[Black "josebaron"]
[Result "0-1"]
[WhiteElo "1639"]
[BlackElo "2192"]

1. d4 d5 2. c4 dxc4 3. Nc3 Nf6 4. g3 e6 5. Nf3 Bb4 6. Qa4+ Nc6 7. Ne5 Bxc3+ 8.
bxc3 O-O 9. Nxc6 bxc6 10. Qxc6 Qd5 11. Qxd5 Nxd5 12. Bg2 Rb8 13. O-O Nxc3 14.
Bf4 Nxe2+ 15. Kh1 Nxf4 16. gxf4 Rd8 17. Rad1 Rb2 18. f5 exf5 19. a4 a5 20. f4
Ba6 21. Rf3 c5 22. d5 Bb7 23. Rc3 Rb4 24. Bh3 g6 25. Bg2 Rxa4 26. h4 Rb4 27. Kh2
a4 28. Bf1 Rxd5 29. Ra1 Rd4 30. Raa3 Rxf4 0-1

[Event "AUTO-OPEN-4642"]
[Site "http://www.queenalice.com/game.php?id=1870198"]
[Date "2026.3.7"]
[Round "1"]
[White "josebaron"]
[Black "pomar"]
[Result "1-0"]
[WhiteElo "2177"]
[BlackElo "1904"]

1. e4 e6 2. Nf3 d5 3. exd5 Qxd5 4. d4 Nf6 5. Nc3 Bb4 6. Bd2 Nc6 7. Nxd5 Nxd5 8.
Bxb4 Ndxb4 9. c3 Nd5 10. Bb5 Bd7 11. Bxc6 Bxc6 12. Ne5 O-O 13. Nxc6 bxc6 14. O-O
Rab8 15. Qa4 Rxb2 16. Qxc6 Rc2 17. Rfc1 Rxc1+ 18. Rxc1 g6 19. c4 Nb4 20. Qxc7
Nxa2 21. Ra1 Nc3 22. Qxa7 Rc8 23. g3 Rxc4 24. Kg2 Ne2 25. Qb8+ Kg7 26. Qe5+ 1-0

[Event "AUTO-OPEN-4643"]
[Site "http://www.queenalice.com/game.php?id=1870474"]
[Date "2026.3.13"]
[Round "1"]
[White "game"]
[Black "josebaron"]
[Result "0-1"]
[WhiteElo "1589"]
[BlackElo "2190"]

1. e4 e5 2. Nf3 Nc6 3. Bc4 Bc5 4. O-O Nf6 5. d3 O-O 6. Nc3 d6 7. Nb5 a6 8. Nc3
Bg4 9. Nd5 Nxd5 10. Bxd5 Nd4 11. Bxb7 Bxf3 12. gxf3 Rb8 13. Bxa6 Qf6 14. f4 exf4
15. Re1 f3 16. Kh1 Ne2 17. Rb1 Qg6 18. Rf1 Qg2# 0-1

[Event "AUTO-OPEN-4643"]
[Site "http://www.queenalice.com/game.php?id=1870475"]
[Date "2026.3.13"]
[Round "1"]
[White "josebaron"]
[Black "game"]
[Result "1-0"]
[WhiteElo "2195"]
[BlackElo "1583"]

1. e4 c6 2. Nf3 e6 3. d4 d5 4. exd5 Qxd5 5. c4 Qa5+ 6. Bd2 Bb4 7. Bd3 Nf6 8. a3
Bxd2+ 9. Nbxd2 O-O 10. O-O Nbd7 11. Re1 Ng4 12. h3 Nh6 13. Ne5 f6 14. Nxd7 Bxd7
15. Nb3 Qg5 16. Nc5 Rf7 17. Nxd7 Rxd7 18. b4 Rxd4 19. Bxh7+ Kxh7 20. Qxd4 Nf5
21. Qd7 Nh4 22. Qd3+ f5 23. g3 Rd8 24. Qe3 f4 25. Qe4+ g6 26. g4 Rf8 27. Rad1 f3
28. Rd7+ Kh8 29. Qd4+ Kg8 30. Qg7# 1-0

[Event "AUTO-OPEN-4643"]
[Site "http://www.queenalice.com/game.php?id=1870518"]
[Date "2026.3.13"]
[Round "1"]
[White "josebaron"]
[Black "chessman"]
[Result "1/2-1/2"]
[WhiteElo "2182"]
[BlackElo "2013"]

1. e4 e6 2. Nf3 d5 3. exd5 exd5 4. d4 Nf6 5. Be2 Bd6 6. O-O O-O 7. Re1 c6 8. Bg5
Re8 9. c4 Nbd7 10. c5 Bc7 11. Nc3 Nf8 12. Bd3 Bg4 13. h3 Rxe1+ 14. Qxe1 Bxf3 15.
gxf3 h6 16. Bh4 g5 17. Bg3 Bxg3 18. fxg3 Qd7 19. Kg2 Re8 20. Qf2 Qe6 21. a4
1/2-1/2

[Event "AUTO-OPEN-4643"]
[Site "http://www.queenalice.com/game.php?id=1870519"]
[Date "2026.3.13"]
[Round "1"]
[White "chessman"]
[Black "josebaron"]
[Result "1/2-1/2"]
[WhiteElo "2016"]
[BlackElo "2193"]

1. e4 e5 2. Nf3 Nc6 3. Bb5 d6 4. d4 exd4 5. c3 dxc3 6. Nxc3 Be7 7. O-O Nf6 8.
Re1 Bg4 9. Qe2 O-O 10. Bxc6 bxc6 11. Bg5 Re8 12. a3 h6 13. Bh4 Nh7 14. Bg3 Ng5
15. Qe3 Bxf3 16. gxf3 a5 17. Rac1 Bf6 1/2-1/2

[Event "AUTO-OPEN-4609"]
[Site "http://www.queenalice.com/game.php?id=1870558"]
[Date "2026.3.14"]
[Round "2"]
[White "josebaron"]
[Black "WoodpusherKid"]
[Result "0-1"]
[WhiteElo "2194"]
[BlackElo "2682"]

1. e4 e5 2. Nf3 Nc6 3. Bb5 Nf6 4. Bxc6 dxc6 5. d3 Bb4+ 6. c3 Bd6 7. O-O Be6 8.
Bg5 h6 9. Bh4 g5 10. Bg3 Nd7 11. d4 f6 12. dxe5 fxe5 13. Nbd2 Qf6 14. Nc4 Bxc4
0-1

[Event "AUTO-OPEN-4609"]
[Site "http://www.queenalice.com/game.php?id=1870559"]
[Date "2026.3.14"]
[Round "2"]
[White "WoodpusherKid"]
[Black "josebaron"]
[Result "1-0"]
[WhiteElo "2683"]
[BlackElo "2196"]

1. e4 e5 2. Nf3 Nc6 3. Bb5 d6 4. d4 exd4 5. Nxd4 Bd7 6. O-O Nf6 7. Bxc6 Bxc6 8.
Nxc6 bxc6 9. Re1 Be7 10. Nc3 O-O 11. Kh1 Re8 12. Bd2 a5 13. f4 d5 14. e5 Ne4 15.
Nxe4 dxe4 16. Rxe4 Qd5 17. Qe1 Bh4 18. Qe3 f5 19. Rd4 Qe6 20. Ra4 1-0

[Event "AUTO-OPEN-4618"]
[Site "http://www.queenalice.com/game.php?id=1870643"]
[Date "2026.3.18"]
[Round "3"]
[White "josebaron"]
[Black "cerenzo72"]
[Result "1-0"]
[WhiteElo "2198"]
[BlackElo "2092"]

1. e4 e5 2. Nf3 d6 3. d4 exd4 4. Nxd4 Nf6 5. Nc3 Be7 6. Bd3 Bd7 7. Nf5 Bxf5 8.
exf5 Nc6 9. O-O O-O 10. Re1 Qd7 11. Bg5 Ne5 12. Bxf6 Bxf6 13. Ne4 Qxf5 14. Nxd6
cxd6 15. Bxf5 Nc4 16. Rb1 b5 17. c3 Rad8 18. Qd5 1-0

[Event "AUTO-OPEN-4618"]
[Site "http://www.queenalice.com/game.php?id=1870644"]
[Date "2026.3.18"]
[Round "3"]
[White "cerenzo72"]
[Black "josebaron"]
[Result "0-1"]
[WhiteElo "2082"]
[BlackElo "2203"]

1. c4 e5 2. g3 d5 3. cxd5 Qxd5 4. Nf3 Nf6 5. Bg2 Nc6 6. Nc3 Qd8 7. O-O Bc5 8. e3
O-O 9. b3 Bg4 10. Qc2 Bxf3 11. Bxf3 Re8 12. Bxc6 bxc6 13. Na4 Bb6 14. Qxc6 Re6
15. Qc2 e4 16. Nxb6 axb6 17. Bb2 Nd5 18. a3 b5 19. Rad1 c6 20. d3 exd3 21. Rxd3
Qe7 22. b4 Nb6 23. Qc3 Qg5 24. Qd4 Nc4 25. Bc1 Qg6 26. Rfd1 h6 27. Qd7 Ne5 28.
Qb7 Rae8 29. Rc3 Qh5 30. Rcd3 Nxd3 31. Rxd3 Qe2 32. Rd7 Rf6 0-1